| 000 | 01021nam a22002417a 4500 | ||
|---|---|---|---|
| 003 | BJBSDDR | ||
| 005 | 20260317123638.0 | ||
| 007 | ta | ||
| 008 | 260317s2013 fr ||||| |||| 00| 0 fre d | ||
| 020 | _a9782110092427 | ||
| 020 | _a 2110092424 | ||
| 040 |
_bspa _cBJBSDDR |
||
| 041 | _afre | ||
| 050 | _bAf258 2013 | ||
| 245 |
_a Afrique du Nord, Moyen-Orient : _bla double recomposition / _cDirection, Frédéric Charillon, Alain Dieckhoff |
||
| 260 |
_aParis : _bLa Documentation française, _c2013 |
||
| 300 |
_a190 pages ; _b _c24 cm |
||
| 520 | _aRecueil d'études sur le Printemps arabe, ses causes et ses suites. Après des réflexions générales touchant à l'ensemble de la région arabo-musulmane, les auteurs examinent l'une après l'autre la situation des Etats suivants : Libye, Syrie, les pays du golfe Persique, le Yémen, Israël, le Maroc | ||
| 700 | 1 |
_aCharillon, Frédéric, _d1967- _935603 |
|
| 700 | 1 |
_aDieckhoff, Alain, _d1958- _eeditor. _945941 |
|
| 942 |
_2lcc _n0 _cBK |
||
| 946 | _icmc | ||
| 999 |
_c126609 _d126609 |
||